Tallers de reparació de vehicles automòbils. Venda de vehicles de segona mà /
Descripción Física:
23 p. ; 21 cm
Colección:
Consum (Barcelona (Catalunya : Província). Diputació)
; 21
Materias:
Tallers de reparació d'automòbils -- Dret i legislació -- Espanya
; Automòbils de segona mà -- Comerç -- Dret i legislació -- Espanya
Idioma:
Catalán
MARC
| LEADER | 00000nam a2200000Ia 4500 | ||
|---|---|---|---|
| 001 | 12544 | ||
| 003 | Arxiu | ||
| 005 | 20260324175419.0 | ||
| 008 | 160829s2000 spc xx s cat c | ||
| 040 | |a AGDB | ||
| 041 | |a cat | ||
| 080 | |a FU-14-20 | ||
| 100 | 1 | |a Vidal Quirante, Marta |9 23592 | |
| 245 | 1 | 0 | |a Tallers de reparació de vehicles automòbils. Venda de vehicles de segona mà / |c Marta Vidal Quirante |
| 260 | |a Barcelona : |b Diputació de Barcelona. Servei de Salut Pública i Consum, |c 2000 | ||
| 300 | |a 23 p. ; |c 21 cm | ||
| 490 | 1 | |a Consum ; |v 21 | |
| 650 | |a Tallers de reparació d'automòbils |x Dret i legislació |x Espanya |9 32515 | ||
| 650 | |a Automòbils de segona mà |x Comerç |x Dret i legislació |x Espanya |9 50499 | ||
| 710 | |a Barcelona (Catalunya : Província). |b Servei de Salut Pública i Consum |9 8151 | ||
| 830 | 0 | |9 56020 |a Consum (Barcelona (Catalunya : Província). Diputació) |v 21 | |
| 901 | |a Arxiu | ||
| 942 | |n 1 |2 udc |c ARXIU | ||
| 952 | |0 0 |1 0 |4 0 |6 FU1420 |7 1 |9 46014 |a Arxiu |b Arxiu |d 2016-12-01 |l 0 |o FU-14-20 |p 12544 |r 2016-12-01 00:00:00 |w 2016-12-01 |y ARXIU | ||
| 999 | |c 49515 |d 49515 | ||